000
00333nam a2200133Ia 4500
008
240126s9999 xx 000 0 und d
041
_a
English
082
_a
LIBRARY-MBA
245
0
_a
Advances in applied research
260
_b
PSGR Krinhamal college for women
_a
Coimbatore
440
_a
NULL
650
_a
Advances
942
_c
JN
999
_c
272837
_d
272837